000 00942nmm a2200277 a 4500
001 ocm000891600
003 TR-IsHL
005 20201028115145.0
008 120922s2002 tu tur
007 cr cn
020 _a9789755126241
035 _a891600
_b(N$T)
050 0 4 _aHF5469.7
_b.I35[2 2002
090 0 4 _aHF5469.7
_b.I35[2 2002
245 1 0 _a2002 Yılı yurtışı fuarlar rehberi
_h[electronic resource] /
_cİstanbul Ticaret Odası
250 _a1. bs.
260 _aİstanbul :
_bİstanbul Ticaret Odası,
_c2002
300 _a192 p.
650 4 _aEkonomi ve Finans
650 4 _aEconomics and Finance
650 0 _aFuarlar, uluslararası
_x Katılım rehberleri
650 0 _aFairs, international
_x Joined guides
650 7 _aBUSINESS & ECONOMICS / General
_2bisacsh
700 1 _aİstanbul Ticaret Odası
856 4 0 _uhttp://search.ebscohost.com/login.aspx?direct=true&scope=site&db=e011xww&AN=891600
999 _c101
_d101